000 00830nam a2200253Ia 4500
003 GCL
008 140319s9999 xx 000 0 ara d
040 _aGCL /
_cGCL
082 0 4 _a303.4
_bب ث
100 1 _aبشير شريف
245 1 0 _aثقافة ادارة التغيير :
_bدليل عملى للافراد /
_cبشير شريف
700 1 _aيعقوب البهبهانى
250 _aالاولى
260 _aالاردن :
_bدار رؤى ،
_c2004
300 _a164 ص ؛
_c24 سم
650 0 4 _aالتنمية الاجتماعية
650 0 4 _aالتغير الاجتماعى
650 0 4 _aالتطور الاجتماعى
650 0 4 _aالتقدم الاجتماعى
650 0 4 _aالتكيف الاجتماعى
650 0 4 _aادارة الوقت
650 0 4 _aالابداع
942 _2ddc
_cBK
999 _c8380
_d8380